| 000 -ლიდერი |
| ფიქსირებული სიგრძის საკონტროლო ველი |
01561nam a2200241Ia 4500 |
| 001 - საკონტროლო ნომერი |
| საკონტროლო ველი |
22569 |
| 003 - საკონტროლო ნომრის იდენტიფიკატორი |
| საკონტროლო ველი |
GE_BSU |
| 005 - ბოლო ოპერაციის თარიღი და დრო |
| საკონტროლო ველი |
20210517114854.0 |
| 008 - ფიქსირებული სიგრძის მონაცემთა ელემენტები - ზოგადი ინფორმაცია |
| ფიქსირებული სიგრძის საკონტროლო ველი |
181216s2006||||ge |||||||||||||| ||geo|| |
| 040 ## - კატალოგიზაციის წყარო |
| Transcribing agency |
GE_BSU |
| 041 ## - ენის კოდი |
| Language code of text/sound track or separate title |
geo |
| 080 ## - უნივერსალური ათობითი კლასიფიკაციის ინდექსი |
| Universal Decimal Classification number |
63 ფ-98 |
| 100 ## - მთავარი ჩანაწერი - პიროვნების სახელი |
| Personal name |
ფუტკარაძე, ნუგზარ |
| 9 (RLIN) |
249 |
| 245 ## - ცნობა სათაურის შესახებ |
| Title |
მრავალწლოვანი ბალახების აგროტექნიკა აჭარის მთიანი ზონის პირობებში / |
| Statement of responsibility, etc |
ნუგზარ ფუტკარაძე; სამეცნ. ხელძღვანელი ვ. კობეშავიძე; ი. ნ. ლომოურის სახ. მიწათმოქმედების სამეცნიერო კვლევითი ინსტიტუტი. |
| 264 ## - წარმოების, გამოცემის, დისტრიბუციის და სხვა ცნობები |
| გამოცემის, წარმოების, დისტრიბუციის... ადგილი |
ბათუმი, |
| გამოცემის, წარმოების, დისტრიბუციის... თარიღი |
2006. |
| 300 ## - ფიზიკური აღწერა |
| Extent |
126 გვ. ; |
| Other physical details |
30 სმ. |
| 653 ## - INDEX TERM--UNCONTROLLED |
| Uncontrolled term |
აგროტექნოლოგია |
| 653 ## - INDEX TERM--UNCONTROLLED |
| Uncontrolled term |
მრავალწლოვანი ბალახების აგროტექნიკა აჭარის მთიანი ზონის პირობებში |
| 653 ## - INDEX TERM--UNCONTROLLED |
| Uncontrolled term |
დისერტაცია |
| 700 ## - ADDED ENTRY--PERSONAL NAME |
| Personal name |
კობეშავიძე, ვ. |
| Relator term |
სამეცნ. ხელძღვანელი |
| 9 (RLIN) |
10616 |
| 710 ## - ADDED ENTRY--CORPORATE NAME |
| Corporate name or jurisdiction name as entry element |
ი. ნ. ლომოურის სახ. მიწათმოქმედების სამეცნიერო კვლევითი ინსტიტუტი |
| 9 (RLIN) |
10617 |
| 942 ## - ADDED ENTRY ELEMENTS (KOHA) |
| Koha item type |
წიგნი |
| Source of classification or shelving scheme |
|